| 000 | 00968cam a2200229 4500 | ||
|---|---|---|---|
| 001 | ABS65199 | ||
| 008 | 020301n2002 000 0 eng u | ||
| 035 | _a(Sirsi) u116948 | ||
| 100 | _aElphick, R. | ||
| 245 | _aAssets that are leaking money | ||
| 260 | _c2002 | ||
| 490 |
_aEstates Gazette _v(0205) 2 February 2002, 122-123(2) |
||
| 520 | _aProvides aid on problems highlighted by Strutt & Parker's autumn 2001 survey of corporate occupiers, which found that they often fail to exploit their property assets, pay too much in rent and fees, and keep inadequate records. Suggests that companies provide their occupational teams with adequate resources, take property more seriously and take proper professional advice. | ||
| 590 | _aABS | ||
| 650 | _aCORPORATE OCCUPIERS | ||
| 650 | _aSURVEYS | ||
| 650 | _aCOMMERCIAL OCCUPIERS | ||
| 650 | _aPROPERTY ASSETS | ||
| 690 | _aPROPERTY MANAGEMENT-CORPORATE REAL ESTATE | ||
| 700 | _aWright, J. | ||
| 942 | _n0 | ||
| 999 |
_c69655 _d69655 |
||